[Event "Xtracon Open 2019"]
[Site "Helsingor"]
[Date "2019.07.20"]
[Round "1.17"]
[White "Jacobsen, Heidrikur T."]
[Black "Hauge, Lars Oskar"]
[Result "0-1"]
[WhiteElo "1885"]
[BlackElo "2476"]
[Annotator "ChessBase"]
[PlyCount "58"]
[EventDate "2019.07.19"]
[EventType "swiss"]
[EventCountry "DEN"]
[SourceTitle "playchess.com"]
[Source "ChessBase"]
[SourceQuality "1"]

1. d4 Nf6 2. Nf3 c5 3. c3 e6 4. g3 b6 5. Bg2 Bb7 6. O-O Be7 7. Nbd2 O-O 8. Ne5 Bxg2 9. Kxg2 Qc7 10. e3 d6 11. Nd3 Nc6 12. b3 e5 13. Bb2 e4 14. Nf4 d5 15. f3 cxd4 16. exd4 e3 17. Nb1 Bd6 18. Ne2 Rfe8 19. Qd3 Qd7 20. Na3 Re6 21. Nc2 Rae8 22. Rae1 Nh5 23. Bc1 Rh6 24. Rh1 Qh3+ 25. Kg1 Nxg3 26. Nxg3 Bxg3 27. Rxe3 Bxh2+ 28. Kf2 Bg3+ 29. Ke2 Qg2+ 0-1

[Event "Xtracon Open 2019"]
[Site "Helsingor"]
[Date "2019.07.20"]
[Round "1.17"]
[White "Manz, Andreas"]
[Black "Rosenkilde, Alexander"]
[Result "0-1"]
[WhiteElo "1770"]
[BlackElo "2255"]
[Annotator "NA"]
[PlyCount "56"]
[EventDate "2019.07.19"]
[EventType "swiss"]
[EventCountry "DEN"]
[SourceTitle "playchess.com"]
[Source "ChessBase"]
[SourceQuality "1"]

1. d4 Nf6 2. c4 e6 3. Nc3 Bb4 4. e3 b6 5. Nge2 c5 6. Bd2 Nc6 7. dxc5 bxc5 8. Ng3 O-O 9. Be2 d5 10. cxd5 exd5 11. Bf3 Ba6 12. Be2 Bxe2 13. Ncxe2 Qa5 14. Bxb4 Qxb4+ 15. Qd2 Qxd2+ 16. Kxd2 Ne5 17. Nf4 d4 18. exd4 Rfd8 19. Nfe2 cxd4 20. Rac1 Nfg4 21. f3 Ne3 22. Rhg1 N5c4+ 23. Kd3 Nxb2+ 24. Ke4 Re8+ 25. Kxd4 Rad8+ 26. Kc3 Nbd1+ 27. Kb3 Rb8+ 28. Ka4 Nb2+ 0-1

[Event "Xtracon Open 2019"]
[Site "Helsingor"]
[Date "2019.07.20"]
[Round "1.18"]
[White "Kjartansson, Gudmundur"]
[Black "Fjallheim, Leif Reinert"]
[Result "1/2-1/2"]
[WhiteElo "2470"]
[BlackElo "1883"]
[Annotator "ChessBase"]
[PlyCount "134"]
[EventDate "2019.07.19"]
[EventType "swiss"]
[EventCountry "DEN"]
[SourceTitle "playchess.com"]
[Source "ChessBase"]
[SourceQuality "1"]

1. Nf3 Nf6 2. c4 e6 3. b3 b6 4. g3 Bb7 5. Bg2 d5 6. Bb2 Nbd7 7. O-O Be7 8. e3 O-O 9. Nc3 Re8 10. Rc1 c6 11. d4 Bd6 12. Qc2 Qe7 13. Rfe1 Rac8 14. e4 dxe4 15. Nxe4 Nxe4 16. Rxe4 h6 17. Rce1 Nf6 18. R4e2 Bb4 19. Rd1 Ba3 20. Bxa3 Qxa3 21. Ne5 Qe7 22. f4 Nd7 23. Nxd7 Qxd7 24. c5 Red8 25. Red2 Rc7 26. Qc3 Qe7 27. b4 Rcd7 28. Re1 a5 29. a3 axb4 30. axb4 bxc5 31. bxc5 Rc7 32. h4 Qd7 33. h5 Ba6 34. Kh2 Bb5 35. Re5 Ra7 36. Bh3 Ra4 37. f5 exf5 38. Bxf5 Qa7 39. Qe3 Kf8 40. Bc2 Ra2 41. Qe4 f6 42. Qh7 Bc4 43. Qh8+ Bg8 44. Bb3 Rxd2+ 45. Kh3 Qf7 46. Bxf7 Kxf7 47. Re3 R2xd4 48. Ra3 R4d5 49. Ra7+ R5d7 50. Ra6 Rc7 51. Ra4 Kf8 52. Kg4 Rcd7 53. Ra6 Rc8 54. Kf3 Kf7 55. Rb6 Rdc7 56. Rb4 Re7 57. Rd4 Rce8 58. Rd6 Re3+ 59. Kg2 R3e6 60. Rd4 Re4 61. Rd7+ R4e7 62. Rd1 Re1 63. Rd4 R1e4 64. Rd7+ R4e7 65. Rd6 Re6 66. Rd4 Re4 67. Rd6 R4e6 1/2-1/2

[Event "Xtracon Open 2019"]
[Site "Helsingor"]
[Date "2019.07.20"]
[Round "1.18"]
[White "Larsen, Karsten"]
[Black "Overmark, Ole"]
[Result "1-0"]
[WhiteElo "2254"]
[BlackElo "1765"]
[Annotator "NA"]
[PlyCount "53"]
[EventDate "2019.07.19"]
[EventType "swiss"]
[EventCountry "DEN"]
[SourceTitle "playchess.com"]
[Source "ChessBase"]
[SourceQuality "1"]

1. e4 c5 2. Nf3 d6 3. Bb5+ Nc6 4. O-O Nf6 5. Re1 e5 6. c3 a6 7. Bxc6+ bxc6 8. d4 cxd4 9. cxd4 Bg4 10. dxe5 Bxf3 11. Qxf3 dxe5 12. Bg5 Be7 13. Nd2 O-O 14. Nc4 Nd7 15. Be3 Qc7 16. Rac1 Rab8 17. Rc2 Rb5 18. Rd1 Bc5 19. a4 Rb3 20. Qf5 Rb7 21. Rcd2 Bd4 22. Bxd4 exd4 23. Rxd4 Nf6 24. Qc5 Rbb8 25. e5 Ne8 26. Rd7 Qc8 27. Nb6 1-0

[Event "Xtracon Open 2019"]
[Site "Helsingor"]
[Date "2019.07.20"]
[Round "1.19"]
[White "Klitgaard, Ebbe"]
[Black "Holm, Kristian Stuvik"]
[Result "0-1"]
[WhiteElo "1882"]
[BlackElo "2469"]
[Annotator "RC"]
[PlyCount "26"]
[EventDate "2019.07.19"]
[EventType "swiss"]
[EventCountry "DEN"]
[SourceTitle "playchess.com"]
[Source "ChessBase"]
[SourceQuality "1"]

1. d4 Nf6 2. c4 c5 3. d5 b5 4. b3 bxc4 5. bxc4 g6 6. Bb2 Bg7 7. Nf3 O-O 8. e3 d6 9. Be2 Nbd7 10. O-O Rb8 11. Qc2 Rxb2 12. Qxb2 Nxd5 13. Qc2 Nb4 0-1

[Event "Xtracon Open 2019"]
[Site "Helsingor"]
[Date "2019.07.20"]
[Round "1.20"]
[White "Korley, Kassa"]
[Black "Rasmussen, Morten Fredsgaard"]
[Result "1-0"]
[WhiteElo "2437"]
[BlackElo "1882"]
[Annotator "NA"]
[PlyCount "37"]
[EventDate "2019.07.19"]
[EventType "swiss"]
[EventCountry "DEN"]
[SourceTitle "playchess.com"]
[Source "ChessBase"]
[SourceQuality "1"]

1. d4 d5 2. Nf3 Nf6 3. c4 c6 4. e3 e6 5. Bd3 a6 6. b3 Nbd7 7. O-O Bd6 8. Bb2 O-O 9. Nbd2 Re8 10. Ne5 c5 11. f4 b6 12. Ndf3 Ne4 13. Bxe4 dxe4 14. Ng5 f5 15. Nef7 Qe7 16. Nxd6 Qxd6 17. Qh5 Nf6 18. Qf7+ Kh8 19. Qxf6 1-0

[Event "Xtracon Open 2019"]
[Site "Helsingor"]
[Date "2019.07.20"]
[Round "1.21"]
[White "Ashwin, Hariharan"]
[Black "Bharath Subramaniyam H"]
[Result "0-1"]
[WhiteElo "1881"]
[BlackElo "2405"]
[Annotator "NA"]
[PlyCount "78"]
[EventDate "2019.07.19"]
[EventType "swiss"]
[EventCountry "DEN"]
[SourceTitle "playchess.com"]
[Source "ChessBase"]
[SourceQuality "1"]

1. e4 c5 2. Nc3 e6 3. f4 Nc6 4. Nf3 d6 5. Bb5 Bd7 6. O-O Be7 7. d4 cxd4 8. Nxd4 Nf6 9. f5 O-O 10. Be3 Ne5 11. Be2 a6 12. a4 Rc8 13. Kh1 b6 14. Bxa6 Rxc3 15. bxc3 Nxe4 16. Qe1 Bh4 17. Qe2 Nxc3 18. Qd2 Ne4 19. Qb4 Ng4 20. Nxe6 Qa8 21. Nc7 Qc6 22. Bb5 Qb7 23. Ba6 Qxc7 24. Qxe4 h5 25. Bd4 Bg5 26. Bb5 d5 27. Be5 Nxe5 28. Qxd5 Ng4 29. g3 Bxb5 30. axb5 Ne3 31. Qe4 Nxf1 32. Rxf1 Qd7 33. c4 Re8 34. Qf3 Qd4 35. Qxh5 Qxc4 36. Qf3 Qxb5 37. h4 Bf6 38. Rg1 Qe2 39. Qxe2 Rxe2 0-1

[Event "Xtracon Open 2019"]
[Site "Helsingor"]
[Date "2019.07.20"]
[Round "1.22"]
[White "Antonsen, Mikkel"]
[Black "Markussen, Petter B"]
[Result "1/2-1/2"]
[WhiteElo "2400"]
[BlackElo "1873"]
[Annotator "NA"]
[PlyCount "81"]
[EventDate "2019.07.19"]
[EventType "swiss"]
[EventCountry "DEN"]
[SourceTitle "playchess.com"]
[Source "ChessBase"]
[SourceQuality "1"]

1. d4 Nf6 2. c4 g6 3. Nc3 Bg7 4. e4 d6 5. h3 O-O 6. Be3 e5 7. d5 c5 8. g4 a6 9. a4 Bd7 10. Qd2 Qa5 11. Ra3 Rc8 12. Be2 Qc7 13. g5 Ne8 14. h4 Ra7 15. h5 b6 16. Nf3 Rb7 17. Nh2 Qd8 18. Ng4 Bxg4 19. Bxg4 Nd7 20. hxg6 hxg6 21. Rb3 Rcb8 22. O-O Nc7 23. Ra1 b5 24. axb5 axb5 25. Nxb5 Nxb5 26. cxb5 Rxb5 27. Rxb5 Rxb5 28. Ra7 Nf8 29. Qe2 Qb8 30. Re7 Rb7 31. Rxb7 Qxb7 32. Qd2 Nh7 33. Kg2 Bf8 34. f4 exf4 35. Bxf4 Be7 36. Bf3 Qb8 37. Kg3 Qd8 38. Kh4 f6 39. gxf6 Bxf6+ 40. Kg3 g5 41. Be3 1/2-1/2

[Event "Xtracon Open 2019"]
[Site "Helsingor"]
[Date "2019.07.20"]
[Round "1.23"]
[White "Moller, Arne Vang"]
[Black "Roseneck, Jonas"]
[Result "0-1"]
[WhiteElo "1872"]
[BlackElo "2398"]
[Annotator "TA"]
[PlyCount "60"]
[EventDate "2019.07.19"]
[EventType "swiss"]
[EventCountry "DEN"]
[SourceTitle "playchess.com"]
[Source "ChessBase"]
[SourceQuality "1"]

1. e4 c5 2. b3 g6 3. Bb2 Nf6 4. d3 Bg7 5. Nf3 Nc6 6. Be2 d5 7. exd5 Qxd5 8. O-O O-O 9. Nc3 Qd8 10. Rb1 Nd4 11. Nxd4 cxd4 12. Ne4 Nd5 13. Bf3 b6 14. Re1 Bb7 15. Ng3 Rc8 16. a3 Qd7 17. Bxd5 Qxd5 18. f3 e5 19. Re2 f5 20. Qe1 Rc7 21. Rc1 Rfc8 22. Qd2 Qd6 23. b4 Qf8 24. Qd1 Bh6 25. Rb1 Be3+ 26. Kh1 f4 27. Ne4 Bxe4 28. dxe4 Qf7 29. Bc1 Bxc1 30. Rxc1 Rc3 0-1

[Event "Xtracon Open 2019"]
[Site "Helsingor"]
[Date "2019.07.20"]
[Round "1.24"]
[White "Jepson, Christian"]
[Black "Koch-Muller, Oscar"]
[Result "1-0"]
[WhiteElo "2391"]
[BlackElo "1866"]
[Annotator "NA"]
[PlyCount "81"]
[EventDate "2019.07.19"]
[EventType "swiss"]
[EventCountry "DEN"]
[SourceTitle "playchess.com"]
[Source "ChessBase"]
[SourceQuality "1"]

1. c4 c5 2. Nf3 Nc6 3. d4 cxd4 4. Nxd4 Nxd4 5. Qxd4 Nf6 6. Nc3 g6 7. e4 d6 8. Be3 Bg7 9. f3 O-O 10. Qd2 Qa5 11. Rc1 Rd8 12. Be2 e6 13. Rd1 b6 14. O-O Bb7 15. Nb5 Qxd2 16. Rxd2 d5 17. Rfd1 Rd7 18. cxd5 exd5 19. e5 Ne8 20. f4 Bf8 21. Bg4 Rdd8 22. a3 Bc5 23. Bf2 a6 24. Nc3 Nc7 25. Bf3 Bxf2+ 26. Kxf2 Ne6 27. Nxd5 Kf8 28. Nxb6 Bxf3 29. Kxf3 Rxd2 30. Rxd2 Ra7 31. b4 a5 32. Ke4 axb4 33. axb4 Rb7 34. Nd5 Rb5 35. Ra2 Ke8 36. Ra7 h5 37. g3 Kf8 38. h3 Ke8 39. g4 hxg4 40. hxg4 Nd8 41. Nc7+ 1-0

[Event "Xtracon Open 2019"]
[Site "Helsingor"]
[Date "2019.07.21"]
[Round "2.1"]
[White "Hinrichs, Lars"]
[Black "Carnstam, Tomas"]
[Result "1-0"]
[WhiteElo "2234"]
[BlackElo "1967"]
[Annotator "NA"]
[PlyCount "129"]
[EventDate "2019.07.19"]
[EventType "swiss"]
[EventCountry "DEN"]
[SourceTitle "playchess.com"]
[Source "ChessBase"]
[SourceQuality "1"]

1. e4 c5 2. Nf3 Nc6 3. d4 cxd4 4. Nxd4 e5 5. Nb5 a6 6. Nd6+ Bxd6 7. Qxd6 Qf6 8. Qa3 Nge7 9. Nc3 Rb8 10. Be3 b5 11. Nd5 Nxd5 12. exd5 b4 13. Qb3 Nd4 14. Bxd4 exd4 15. Qf3 Qe5+ 16. Qe2 d6 17. f4 Qe3 18. Qxe3+ dxe3 19. Ke2 Rb5 20. Kxe3 Rxd5 21. Bd3 Kd8 22. Kf3 Re8 23. Rhe1 Rxe1 24. Rxe1 Ra5 25. Bc4 f6 26. Rd1 Bb7+ 27. Kf2 Kc7 28. g3 Rc5 29. Rd4 a5 30. Bd3 Bc6 31. h4 h6 32. Ke3 Bd5 33. b3 Bc6 34. Bc4 d5 35. Bd3 Kd6 36. f5 Bb5 37. Rg4 Bxd3 38. cxd3 Rc7 39. Kd4 Re7 40. Rg6 h5 41. g4 hxg4 42. h5 Rf7 43. Rxg4 Re7 44. Rg6 Rf7 45. h6 gxh6 46. Rxh6 Kc6 47. Rh8 Rg7 48. Rf8 Rg4+ 49. Ke3 Rg3+ 50. Kf4 Rxd3 51. Rxf6+ Kc5 52. Ra6 Kb5 53. Ra8 Rd1 54. f6 Kc5 55. Rxa5+ Kd4 56. Kf5 Kc3 57. Ke6 d4 58. f7 Re1+ 59. Re5 Rf1 60. Rf5 Rxf5 61. Kxf5 d3 62. f8=Q d2 63. Qc5+ Kb2 64. Qd4+ Kc2 65. Ke4 1-0

[Event "Xtracon Open 2019"]
[Site "Helsingor"]
[Date "2019.07.21"]
[Round "2.1"]
[White "Thorsbro, Peter"]
[Black "Grandelius, Nils"]
[Result "0-1"]
[WhiteElo "2199"]
[BlackElo "2691"]
[Annotator "TA"]
[PlyCount "92"]
[EventDate "2019.07.19"]
[EventType "swiss"]
[EventCountry "DEN"]
[SourceTitle "playchess.com"]
[Source "ChessBase"]
[SourceQuality "1"]

1. d4 Nf6 2. c4 e6 3. Nc3 Bb4 4. e3 O-O 5. Nge2 c6 6. a3 Ba5 7. b4 Bc7 8. c5 d6 9. cxd6 Qxd6 10. g3 e5 11. Bg2 Re8 12. O-O e4 13. Qc2 Bf5 14. d5 Bb6 15. Bb2 cxd5 16. Rfd1 Nc6 17. Nf4 d4 18. Nb5 Qe5 19. Nxd4 Nxd4 20. Bxd4 Bxd4 21. Rxd4 Rac8 22. Qd2 g5 23. Ne2 Kg7 24. Rd1 h5 25. h3 Re7 26. Rd8 Rxd8 27. Qxd8 Bd7 28. Rc1 Re8 29. Qc7 Qxc7 30. Rxc7 Bc6 31. Nc3 Rd8 32. b5 Ne8 33. Re7 Kf6 34. bxc6 Kxe7 35. cxb7 Rb8 36. Bxe4 Nd6 37. Nd5+ Kd8 38. Bf3 Rxb7 39. Nb4 Rc7 40. Bxh5 Rc3 41. Be2 a5 42. Nd5 Rxa3 43. h4 gxh4 44. gxh4 Ke8 45. f4 Ra1+ 46. Kf2 a4 0-1

[Event "Xtracon Open 2019"]
[Site "Helsingor"]
[Date "2019.07.21"]
[Round "2.1"]
[White "Fossan, Aleksander"]
[Black "Postny, Evgeny"]
[Result "0-1"]
[WhiteElo "2155"]
[BlackElo "2601"]
[Annotator "ChessBase"]
[PlyCount "102"]
[EventDate "2019.07.19"]
[EventType "swiss"]
[EventCountry "DEN"]
[SourceTitle "playchess.com"]
[Source "ChessBase"]
[SourceQuality "1"]

1. e4 c5 2. c3 Nf6 3. e5 Nd5 4. d4 cxd4 5. Nf3 d6 6. Bc4 Nb6 7. Bb3 Nc6 8. exd6 e6 9. cxd4 Bxd6 10. O-O O-O 11. Nc3 Bd7 12. Re1 Nb4 13. a3 N4d5 14. Ne5 Rc8 15. Ne4 Be7 16. Bd2 Bc6 17. Nc5 Bd6 18. Rc1 Qe7 19. Ne4 Qd8 20. Qh5 Be7 21. Ng5 Bxg5 22. Bxg5 Qd6 23. Bc2 f5 24. Qh4 Nf6 25. Bb3 Bd5 26. Rxc8 Nxc8 27. Bxd5 Nxd5 28. Qg3 Re8 29. Bh6 Qe7 30. Nf3 Qc7 31. Ne5 Nd6 32. Rc1 Qe7 33. Bg5 Qf8 34. Nd7 f4 35. Qg4 Qf5 36. Qxf5 Nxf5 37. g3 Nxd4 38. Kg2 fxg3 39. hxg3 h6 40. Rd1 hxg5 41. Rxd4 Rd8 42. Nc5 Nf4+ 43. gxf4 Rxd4 44. fxg5 b6 45. Nxe6 Rd2 46. Kg3 Rxb2 47. f4 Rb3+ 48. Kg4 Rxa3 49. f5 a5 50. Kh5 a4 51. Kg6 Rg3 0-1

[Event "Xtracon Open 2019"]
[Site "Helsingor"]
[Date "2019.07.21"]
[Round "2.1"]
[White "Skjoldager, Per"]
[Black "Zude, Erik"]
[Result "0-1"]
[WhiteElo "2081"]
[BlackElo "2385"]
[Annotator "NA"]
[PlyCount "74"]
[EventDate "2019.07.19"]
[EventType "swiss"]
[EventCountry "DEN"]
[SourceTitle "playchess.com"]
[Source "ChessBase"]
[SourceQuality "1"]

1. e4 d6 2. d4 Nf6 3. Nc3 g6 4. Nf3 Bg7 5. Be2 O-O 6. O-O Nc6 7. d5 Nb8 8. Be3 Nbd7 9. a4 Nc5 10. Nd2 a5 11. f4 b6 12. Bf3 Bb7 13. Bd4 c6 14. Re1 cxd5 15. exd5 Rc8 16. Nf1 Qd7 17. Ne3 Ba6 18. Ng4 Rfe8 19. Ne3 e5 20. dxe6 Nxe6 21. Bxb6 Rb8 22. Bxa5 Nxf4 23. Nb5 Bxb5 24. axb5 Qxb5 25. Bc3 Qg5 26. Qd2 Ne4 27. Bxe4 Bxc3 28. bxc3 Rxe4 29. Nf1 Rbe8 30. Rxe4 Rxe4 31. h4 Qxh4 32. g3 Qg5 33. Qxd6 Ne6 34. Qc6 Qe5 35. Rd1 Re2 36. Qe8+ Kg7 37. Rd7 Qf5 0-1

[Event "Xtracon Open 2019"]
[Site "Helsingor"]
[Date "2019.07.21"]
[Round "2.1"]
[White "Mardell, Jonas"]
[Black "Welling, Gerard"]
[Result "1/2-1/2"]
[WhiteElo "2024"]
[BlackElo "2310"]
[Annotator "NA"]
[PlyCount "85"]
[EventDate "2019.07.19"]
[EventType "swiss"]
[EventCountry "DEN"]
[SourceTitle "playchess.com"]
[Source "ChessBase"]
[SourceQuality "1"]

1. e4 Nc6 2. Nc3 e6 3. d4 Bb4 4. Be3 d5 5. f3 Nf6 6. e5 Nd7 7. a3 Bxc3+ 8. bxc3 Nb6 9. Nh3 Ne7 10. Qd2 Bd7 11. Bd3 Nc4 12. Bxc4 dxc4 13. Bg5 Bc6 14. Bxe7 Qxe7 15. Qg5 Qxg5 16. Nxg5 Ke7 17. Ne4 f6 18. Ke2 fxe5 19. dxe5 Bxe4 20. fxe4 Rhf8 21. Rhd1 Rfd8 22. Ke3 Rxd1 23. Rxd1 c5 24. Rb1 Rb8 25. Rb5 b6 26. Rb1 Kd7 27. Rf1 Kc6 28. Rf7 Rb7 29. Rf8 Re7 30. Kd2 Kb5 31. Kc1 Ka4 32. Kb2 a5 33. Rb8 b5 34. Rc8 Rf7 35. Rxc5 Rf2 36. Rc6 Rxg2 37. Rxe6 Rxh2 38. Re7 Rg2 39. Rd7 Rg5 40. Rd5 Rg4 41. Rd4 Rg6 42. Rd6 Rg4 43. Rd4 1/2-1/2

[Event "Xtracon Open 2019"]
[Site "Helsingor"]
[Date "2019.07.21"]
[Round "2.2"]
[White "Korobov, Anton"]
[Black "Ernst, Michael"]
[Result "1-0"]
[WhiteElo "2687"]
[BlackElo "2190"]
[Annotator "RC"]
[PlyCount "53"]
[EventDate "2019.07.19"]
[EventType "swiss"]
[EventCountry "DEN"]
[SourceTitle "playchess.com"]
[Source "ChessBase"]
[SourceQuality "1"]

1. d4 d5 2. c4 e6 3. Nc3 Nf6 4. cxd5 Nxd5 5. e4 Nxc3 6. bxc3 c5 7. a3 Be7 8. Nf3 O-O 9. Bd3 Nc6 10. Bb2 Na5 11. O-O b6 12. Qe2 Bb7 13. Rad1 Qc7 14. h4 Rac8 15. h5 f6 16. d5 exd5 17. exd5 Bxd5 18. Bxh7+ Kxh7 19. Rxd5 Nc6 20. Qe4+ Kg8 21. h6 Rfe8 22. Qe6+ Kh8 23. hxg7+ Kxg7 24. c4 Nd4 25. Bxd4 cxd4 26. Rd7 Qc5 27. Re1 1-0

[Event "Xtracon Open 2019"]
[Site "Helsingor"]
[Date "2019.07.21"]
[Round "2.2"]
[White "Kryakvin, Dmitry"]
[Black "Ask, Josef"]
[Result "1-0"]
[WhiteElo "2586"]
[BlackElo "2149"]
[Annotator "ChessBase"]
[PlyCount "67"]
[EventDate "2019.07.19"]
[EventType "swiss"]
[EventCountry "DEN"]
[SourceTitle "playchess.com"]
[Source "ChessBase"]
[SourceQuality "1"]

1. d4 Nf6 2. c4 g6 3. Nc3 Bg7 4. e4 d6 5. Be2 O-O 6. Be3 e5 7. d5 Na6 8. g4 Nc5 9. f3 a5 10. Qd2 Ne8 11. Nh3 f5 12. gxf5 gxf5 13. exf5 Qh4+ 14. Nf2 Bxf5 15. O-O-O a4 16. Rdg1 Kh8 17. Rg2 Nb3+ 18. axb3 axb3 19. Nfe4 Ra1+ 20. Nb1 Nf6 21. Nec3 Rfa8 22. Bd3 e4 23. Bg5 Qh5 24. fxe4 Bh3 25. Rg3 Ng4 26. Be2 Be5 27. Bf4 Qh4 28. Bxg4 Bxg4 29. Rhg1 Bh5 30. Bg5 Qxe4 31. Nxe4 Bg6 32. Bf6+ Bxf6 33. Rxg6 Be5 34. Nf6 1-0

[Event "Xtracon Open 2019"]
[Site "Helsingor"]
[Date "2019.07.21"]
[Round "2.2"]
[White "Sawatzki, Frank"]
[Black "Jepsen, Thomas Tange"]
[Result "1-0"]
[WhiteElo "2385"]
[BlackElo "2069"]
[Annotator "NA"]
[PlyCount "57"]
[EventDate "2019.07.19"]
[EventType "swiss"]
[EventCountry "DEN"]
[SourceTitle "playchess.com"]
[Source "ChessBase"]
[SourceQuality "1"]

1. e4 e5 2. Nf3 Nf6 3. Nxe5 d6 4. Nf3 Nxe4 5. Nc3 Nxc3 6. dxc3 Be7 7. Be3 Nc6 8. Qd2 Be6 9. O-O-O Qd7 10. h3 a6 11. b3 O-O-O 12. Be2 Bf6 13. Rhe1 Rhe8 14. Ng5 h6 15. Nxe6 fxe6 16. Bh5 Re7 17. f4 Rg8 18. Bg6 Kb8 19. c4 Rd8 20. Qf2 Nb4 21. Kb1 e5 22. f5 Nc6 23. Qd2 Nd4 24. Rf1 Rf8 25. g3 b6 26. h4 Qd8 27. Rde1 Qd7 28. Qf2 Kb7 29. g4 1-0

[Event "Xtracon Open 2019"]
[Site "Helsingor"]
[Date "2019.07.21"]
[Round "2.2"]
[White "Kucuksari, Kaan"]
[Black "Christiansen, Arne"]
[Result "1-0"]
[WhiteElo "2310"]
[BlackElo "2011"]
[Annotator "TA"]
[PlyCount "50"]
[EventDate "2019.07.19"]
[EventType "swiss"]
[EventCountry "DEN"]
[SourceTitle "playchess.com"]
[Source "ChessBase"]
[SourceQuality "1"]

1. d4 Nf6 2. Nf3 g6 3. c4 Bg7 4. Nc3 O-O 5. e4 d6 6. h3 c5 7. d5 e6 8. Bd3 exd5 9. exd5 Re8+ 10. Be3 Nbd7 11. O-O a6 12. Qd2 Qc7 13. Rfe1 Ne5 14. Nxe5 Rxe5 15. Bg5 Rxe1+ 16. Rxe1 Nh5 17. Ne2 b5 18. g4 Nf6 19. f3 b4 20. Kg2 b3 21. Rh1 Qe7 22. f4 Qe3 23. f5 gxf5 24. Bxf5 Bxf5 25. gxf5 Qf4 1-0

[Event "Xtracon Open 2019"]
[Site "Helsingor"]
[Date "2019.07.21"]
[Round "2.2"]
[White "AIM Hannibal Valeur Jaques"]
[Black "Jacobsen, Per Wurtz"]
[Result "1-0"]
[WhiteElo "1807"]
[BlackElo "2016"]
[Annotator "NA"]
[PlyCount "49"]
[EventDate "2019.07.19"]
[EventType "swiss"]
[EventCountry "DEN"]
[SourceTitle "playchess.com"]
[Source "ChessBase"]
[SourceQuality "1"]

1. e4 Nf6 2. e5 Nd5 3. d4 d6 4. c4 Nb6 5. exd6 cxd6 6. Nf3 Bg4 7. d5 g6 8. Qd4 f6 9. Qxg4 Qc7 10. Nc3 Bg7 11. Bd3 Kf7 12. O-O N8d7 13. Re1 Ne5 14. Nxe5+ dxe5 15. Be3 f5 16. Bxf5 gxf5 17. Qxf5+ Ke8 18. Bxb6 Qxb6 19. b3 Qc5 20. Ne4 Qb6 21. Rad1 Rd8 22. Re3 e6 23. Qh5+ Ke7 24. d6+ Kd7 25. Qf7+ 1-0

[Event "Xtracon Open 2019"]
[Site "Helsingor"]
[Date "2019.07.21"]
[Round "2.3"]
[White "Hartung-Nielsen, Jens"]
[Black "Sargissian, Gabriel"]
[Result "0-1"]
[WhiteElo "2184"]
[BlackElo "2681"]
[Annotator "TA"]
[PlyCount "76"]
[EventDate "2019.07.19"]
[EventType "swiss"]
[EventCountry "DEN"]
[SourceTitle "playchess.com"]
[Source "ChessBase"]
[SourceQuality "1"]

1. e4 e5 2. Nf3 Nc6 3. Nc3 Nf6 4. g3 Bc5 5. Bg2 d6 6. d3 a6 7. O-O h6 8. Be3 Bxe3 9. fxe3 O-O 10. Nh4 g6 11. Qf3 Nh7 12. Nd5 Kg7 13. Qe2 Nb8 14. c4 c6 15. Nc3 Nd7 16. d4 Ndf6 17. h3 Qe7 18. Kh2 Bd7 19. Rae1 b5 20. a3 Rfb8 21. b4 Be6 22. d5 Bd7 23. dxc6 Bxc6 24. Nd5 Bxd5 25. exd5 bxc4 26. Qxc4 a5 27. Rb1 axb4 28. Rxb4 Rc8 29. Qb3 Rc7 30. Rb1 Nd7 31. a4 Nc5 32. Qd1 Nf6 33. e4 Rca7 34. Ra1 Qd7 35. Bf1 Rxa4 36. Raxa4 Rxa4 37. Bb5 Ra2+ 38. Ng2 Qa7 0-1

[Event "Xtracon Open 2019"]
[Site "Helsingor"]
[Date "2019.07.21"]
[Round "2.3"]
[White "Moe, Mogens"]
[Black "Kollars, Dmitrij"]
[Result "0-1"]
[WhiteElo "2152"]
[BlackElo "2581"]
[Annotator "ChessBase"]
[PlyCount "112"]
[EventDate "2019.07.19"]
[EventType "swiss"]
[EventCountry "DEN"]
[SourceTitle "playchess.com"]
[Source "ChessBase"]
[SourceQuality "1"]

1. e4 e5 2. Nf3 Nc6 3. d4 exd4 4. Nxd4 Nf6 5. Nxc6 bxc6 6. e5 Qe7 7. Qe2 Nd5 8. c4 Nb6 9. Nc3 a5 10. Qe4 Ba6 11. Bd3 g6 12. O-O Bg7 13. Re1 O-O 14. Bf4 Qb4 15. a3 Qb3 16. Ne2 Bxc4 17. Bc2 Bd5 18. Bxb3 Bxe4 19. Rad1 a4 20. Nc3 Bf5 21. Ba2 Be6 22. Bxe6 fxe6 23. Bg3 Ra5 24. Re4 Rfa8 25. f4 Nd5 26. Be1 R5a6 27. g3 Kf7 28. Rd3 d6 29. Bf2 Nxc3 30. Rxc3 d5 31. Re2 Ke8 32. Kg2 Kd7 33. Kf3 Rf8 34. Kg4 Rf5 35. h4 Bf8 36. Rec2 Be7 37. Kf3 Rf8 38. g4 h5 39. g5 Rb8 40. Bd4 Rb3 41. Rxb3 axb3 42. Rc3 c5 43. Bxc5 Rc6 44. Bd4 Rxc3+ 45. Bxc3 c5 46. a4 Kc6 47. Bd2 c4 48. a5 Bc5 49. a6 Kb6 50. f5 exf5 51. e6 d4 52. Bf4 c3 53. Bc1 d3 54. Be3 d2 55. Ke2 cxb2 56. Bxc5+ Kxc5 0-1

[Event "Xtracon Open 2019"]
[Site "Helsingor"]
[Date "2019.07.21"]
[Round "2.3"]
[White "Machlik, Edit"]
[Black "Andre, Gordon"]
[Result "0-1"]
[WhiteElo "2075"]
[BlackElo "2381"]
[Annotator "NA"]
[PlyCount "68"]
[EventDate "2019.07.19"]
[EventType "swiss"]
[EventCountry "DEN"]
[SourceTitle "playchess.com"]
[Source "ChessBase"]
[SourceQuality "1"]

1. d4 e6 2. c4 d5 3. Nc3 a6 4. cxd5 exd5 5. Nf3 Be7 6. Bf4 Nf6 7. Qc2 Nc6 8. e3 Nb4 9. Qd1 Bf5 10. Rc1 O-O 11. Be2 Ne4 12. Bxc7 Qxc7 13. Nxe4 Qa5 14. Nc3 Nxa2 15. Ra1 Nxc3 16. Rxa5 Nxd1 17. Kxd1 Rac8 18. Ne1 Bb4 19. Ra1 Bxe1 20. Rxe1 Rc2 21. b4 Rfc8 22. b5 axb5 23. g4 Bd7 24. h3 b4 25. Bd3 Rxf2 26. Rf1 Rh2 27. Ra7 g6 28. Re1 Rc3 29. Be2 Rxe3 30. Rxb7 Be6 31. Rxb4 Rexh3 32. Rf1 Re3 33. Rb8+ Kg7 34. Bb5 Ra3 0-1

[Event "Xtracon Open 2019"]
[Site "Helsingor"]
[Date "2019.07.21"]
[Round "2.3"]
[White "Pedersen, Lars Foldager"]
[Black "Jaksland, Tim"]
[Result "0-1"]
[WhiteElo "1967"]
[BlackElo "2230"]
[Annotator "NA"]
[PlyCount "58"]
[EventDate "2019.07.19"]
[EventType "swiss"]
[EventCountry "DEN"]
[SourceTitle "playchess.com"]
[Source "ChessBase"]
[SourceQuality "1"]

1. Nf3 c5 2. g3 Nc6 3. b3 d6 4. c4 g6 5. Bb2 e5 6. d3 Bg7 7. Bg2 Nge7 8. O-O O-O 9. Nc3 Rb8 10. Qd2 h6 11. a3 Be6 12. b4 Qd7 13. Rfc1 b6 14. b5 Nd4 15. Nxd4 exd4 16. Nd1 d5 17. cxd5 Nxd5 18. e4 dxe3 19. Nxe3 Bxb2 20. Qxb2 Nxe3 21. fxe3 Qxd3 22. Qe5 Qxb5 23. Be4 Qe8 24. Qf6 Qd8 25. Qe5 Qg5 26. Qc3 Rfe8 27. Rf1 Bh3 28. Rf4 Qe5 29. Qc2 Qxa1+ 0-1